| 000 | 00800nam a22001817a 4500 | ||
|---|---|---|---|
| 008 | 150921b xxu||||| |||| 00| 0 eng d | ||
| 020 | _a 9780800795153 (pbk. : alk. paper) | ||
| 050 |
_a BT966.3 _b.M33 2012 |
||
| 100 | _a MacNutt, Judith. | ||
| 245 |
_a Angels are for real : _b inspiring, true stories and biblical answers / _c Judith MacNutt. |
||
| 260 |
_a Minneapolis, Minn. : _bChosen, _c2012. |
||
| 300 |
_a 207 p. ; _c22 cm. |
||
| 500 | _a Includes bibliographical references (p. 206-207). | ||
| 505 | _a A gift from my father -- What is an angel? -- How angels appear -- Angels in the kingdom of God -- Classification of angels -- Guardian angels -- Angels and healing -- Unholy fallen angels -- The veil is thin. | ||
| 521 | _a | ||
| 650 | _a Angels. | ||
| 942 |
_2lcc _cBK |
||
| 999 |
_c45172 _d45172 |
||